Chronique de droit privé et de droit économique de l’environnement 2019-2021 (notice n° 1582374)

détails MARC
000 -LEADER
fixed length control field 03245cam a2200481 4500500
005 - DATE AND TIME OF LATEST TRANSACTION
control field 20251228051818.0
041 ## - LANGUAGE CODE
Language code of text/sound track or separate title fre
042 ## - AUTHENTICATION CODE
Authentication code dc
100 10 - MAIN ENTRY--PERSONAL NAME
Personal name Doussan, Isabelle
Relator term author
245 00 - TITLE STATEMENT
Title Chronique de droit privé et de droit économique de l’environnement 2019-2021
260 ## - PUBLICATION, DISTRIBUTION, ETC.
Date of publication, distribution, etc. 2022.<br/>
500 ## - GENERAL NOTE
General note 49
520 ## - SUMMARY, ETC.
Summary, etc. Une nouvelle fois, cette chronique montre la diffusion des enjeux environnementaux au sein du droit privé et du droit économique, mais sans doute de manière encore trop timide compte tenu de l’urgence à agir. C’est le cas pour la loi dite « Climat et résilience », qui touche le droit des sociétés, le droit du travail, le droit de la commande publique, tandis que l’adoption de la Taxonomie européenne permet de doter le droit financier d’une classification des activités économiques ayant un impact favorable sur l’environnement. C’est encore la question climatique qui donne lieu à de nouveaux types de contentieux dont cette chronique fait état ou au difficile traitement de l’empreinte écologique du numérique. Enfin, préjudice écologique et ORE reviennent sur le devant de la scène à l’occasion d’une QPC pour le premier et d’une tentative de neutralisation pour les secondes.
520 ## - SUMMARY, ETC.
Summary, etc. Once again, this column shows the propagation of environmental issues within private law and economic law, but probably still in a too timid way considering the urgency to take action. It is the case of the so-called "climate and resilience" law, which affects company law, labor law, and public procurement law, while the adoption of the European taxonomy provides financial law with a classification of economic activities with a favorable impact on the environment. It is also the climate issue that gives rise to new types of litigation, as described in this column, or to the difficult treatment of the ecological footprint of digital technology. Finally, ecological prejudice and the ORE are back in the spotlight with a QPC for the former and an attempt to neutralize the latter.
690 ## - LOCAL SUBJECT ADDED ENTRY--TOPICAL TERM (OCLC, RLIN)
Topical term or geographic name as entry element changements climatiques
690 ## - LOCAL SUBJECT ADDED ENTRY--TOPICAL TERM (OCLC, RLIN)
Topical term or geographic name as entry element droit de la concurrence
690 ## - LOCAL SUBJECT ADDED ENTRY--TOPICAL TERM (OCLC, RLIN)
Topical term or geographic name as entry element droit des sociétés
690 ## - LOCAL SUBJECT ADDED ENTRY--TOPICAL TERM (OCLC, RLIN)
Topical term or geographic name as entry element droit du travail
690 ## - LOCAL SUBJECT ADDED ENTRY--TOPICAL TERM (OCLC, RLIN)
Topical term or geographic name as entry element droit économique
690 ## - LOCAL SUBJECT ADDED ENTRY--TOPICAL TERM (OCLC, RLIN)
Topical term or geographic name as entry element droit financier
690 ## - LOCAL SUBJECT ADDED ENTRY--TOPICAL TERM (OCLC, RLIN)
Topical term or geographic name as entry element marchés publics
690 ## - LOCAL SUBJECT ADDED ENTRY--TOPICAL TERM (OCLC, RLIN)
Topical term or geographic name as entry element responsabilité civile
690 ## - LOCAL SUBJECT ADDED ENTRY--TOPICAL TERM (OCLC, RLIN)
Topical term or geographic name as entry element civil liability
690 ## - LOCAL SUBJECT ADDED ENTRY--TOPICAL TERM (OCLC, RLIN)
Topical term or geographic name as entry element climate change
690 ## - LOCAL SUBJECT ADDED ENTRY--TOPICAL TERM (OCLC, RLIN)
Topical term or geographic name as entry element competition law
690 ## - LOCAL SUBJECT ADDED ENTRY--TOPICAL TERM (OCLC, RLIN)
Topical term or geographic name as entry element corporate law
690 ## - LOCAL SUBJECT ADDED ENTRY--TOPICAL TERM (OCLC, RLIN)
Topical term or geographic name as entry element economic law
690 ## - LOCAL SUBJECT ADDED ENTRY--TOPICAL TERM (OCLC, RLIN)
Topical term or geographic name as entry element financial law
690 ## - LOCAL SUBJECT ADDED ENTRY--TOPICAL TERM (OCLC, RLIN)
Topical term or geographic name as entry element labor law
690 ## - LOCAL SUBJECT ADDED ENTRY--TOPICAL TERM (OCLC, RLIN)
Topical term or geographic name as entry element public procurement
700 10 - ADDED ENTRY--PERSONAL NAME
Personal name Leray, Grégoire
Relator term author
700 10 - ADDED ENTRY--PERSONAL NAME
Personal name Bardy, Jennifer
Relator term author
700 10 - ADDED ENTRY--PERSONAL NAME
Personal name Gardes, Charlotte
Relator term author
700 10 - ADDED ENTRY--PERSONAL NAME
Personal name Giorgini, Giulio Cesare
Relator term author
700 10 - ADDED ENTRY--PERSONAL NAME
Personal name Martin, Gilles J.
Relator term author
700 10 - ADDED ENTRY--PERSONAL NAME
Personal name Ilcheva, Ana-Maria
Relator term author
700 10 - ADDED ENTRY--PERSONAL NAME
Personal name Parachkevova-Racine, Irina
Relator term author
700 10 - ADDED ENTRY--PERSONAL NAME
Personal name Reis, Patrice
Relator term author
700 10 - ADDED ENTRY--PERSONAL NAME
Personal name Teller, Marina
Relator term author
700 10 - ADDED ENTRY--PERSONAL NAME
Personal name Vanuls, Caroline
Relator term author
786 0# - DATA SOURCE ENTRY
Note Revue juridique de l’environnement | Volume 47 | 2 | 2022-06-23 | p. 321-339 | 0397-0299
856 41 - ELECTRONIC LOCATION AND ACCESS
Uniform Resource Identifier <a href="https://droit.cairn.info/revue-juridique-de-l-environnement-2022-2-page-321?lang=fr&redirect-ssocas=7080">https://droit.cairn.info/revue-juridique-de-l-environnement-2022-2-page-321?lang=fr&redirect-ssocas=7080</a>

Pas d'exemplaire disponible.

PLUDOC

PLUDOC est la plateforme unique et centralisée de gestion des bibliothèques physiques et numériques de Guinée administré par le CEDUST. Elle est la plus grande base de données de ressources documentaires pour les Étudiants, Enseignants chercheurs et Chercheurs de Guinée.

Adresse

627 919 101/664 919 101

25 boulevard du commerce
Kaloum, Conakry, Guinée

Réseaux sociaux

Powered by Netsen Group @ 2025